| 000 | 00734nam 22002533 4500 | ||
|---|---|---|---|
| 001 | 197818 | ||
| 010 | _a972-41-1663-8 | ||
| 021 |
_aPT _b215256/04 |
||
| 090 | _a197818 | ||
| 100 | _a20250911d u||y0pory50 ba | ||
| 101 | _apor | ||
| 102 | _aPT | ||
| 200 |
_aO Pranto de Lúcifer _fRosa Lobato de Faria |
||
| 205 | _a4ª | ||
| 210 |
_aPorto _cAsa Editores _d2005 |
||
| 215 |
_a205, [3] p. _cBrochado _d20 cm |
||
| 225 | _aFinisterra. Autores contemporâneos de língua portuguesa | ||
| 300 | _aRomance | ||
| 606 |
_aLiteratura Portuguesa _96 |
||
| 675 |
_a821.134.3-31/FAR/PRA _vPT _zpor |
||
| 700 |
_92930 _aFaria _bRosa Lobato de _f1932-2010 |
||
| 801 |
_aPT _bBMMN _gRPC |
||
| 830 |
_cCarlos Pinto _d11-09-2025 _fCarlos Pinto |
||
| 990 | _cLIVROS | ||